| 000 | 01227nam a2200229Ia 4500 | ||
|---|---|---|---|
| 003 | OSt | ||
| 005 | 20241220082123.0 | ||
| 007 | ca aa aaaaa | ||
| 008 | 201103s9999 xx 000 0 und d | ||
| 040 | _cSSBUL | ||
| 041 | _abur | ||
| 082 |
_2၂၃ _a၂၉၄.၃၄၄၃၅ မောင်း _b၉၁၈၉ S-SAT |
||
| 100 | 0 |
_aမောင်းထောင်မြေဇင်းတောရဆရာတော်ဘုရားကြီး။ _919306 |
|
| 245 | 1 | 0 |
_aပဓာနပါရဂူကျမ်း / _cမောင်းထောင်မြေဇင်းတောရဆရာတော်ဘုရားကြီး၊ စုစည်းစီစဉ်သူ ဓမ္မာစရိယဦးဌေးလှိုင်။ |
| 260 |
_aရန်ကုန် ၊ _bသာသနာရေးဦးစီးဌာန၊ _c၂၀၀၆။ |
||
| 300 |
_aဓ၊ ၇၀၂ စာမျက်နှာ ၊ _bဓါတ်ပုံ ၊ _c၂၁ စင်တီ။ |
||
| 500 | _aS-SAT: Dr. Sai Aung Tun | ||
| 650 | _aဝိပဿနာ | ||
| 650 | _aကမ္မဋ္ဌာန်း | ||
| 700 |
_aဌေးလှိုင်၊ ဦး၊ ဓမ္မာစရိယ- _eစုစည်းသူ |
||
| 942 |
_cBK1 _2ddc |
||
| 999 |
_c41034 _d41034 |
||